000 00607cam a22002173a 4500
001 39238
003 PGUSA
005 20140828083854.0
008 120324s2012||||xxu|||||s|||||000 | eng d
040 _aPGUSA
_beng
042 _adc
100 1 _aMicheaux, Oscar,
_d1884-1951
245 1 4 _aThe Homesteader :
_bA Novel
_h[electronic resource] /
_cOscar Micheaux
260 _bProject Gutenberg,
_c2012
506 _aPublic domain in the USA.
516 _aElectronic text
700 1 _aFarrow, W.M.
830 0 _aProject Gutenberg
_v39238
856 4 0 _uhttp://www.gutenberg.org/ebooks/39238
942 _cEB
999 _c268491
_d268491